Slovenské školstvo vyrástlo aj vďaka projektu Infovek

Bibliographic Details
Main Author: Brestenská, Beáta, 1955- (Author)
Format: Article
Language:Slovak
PhysicalDescription:Fotogr.
ISSN:1335-4051
Subjects:

MARC

LEADER 00000nab a2200000 a 4500
001 vtls008302953
003 SK-MaSNL
005 20260426072224.0
008 140429c2005 xo zr|p|||||||000 b|slo
015 |a SNBRB2005/10  |2 snkbucl 
040 |a SNKBUCL  |b slo  |c SNKBUCL  |e AACR2 
041 0 |a slo 
044 |a xo  |c SK 
080 |a 37.02:002:004.7  |x (437.6)  |2 1997 
080 |a 654.93:004.7  |2 1997 
080 |a 002  |2 1997 
080 |a 004.7  |2 1997 
100 1 |a Brestenská, Beáta,  |d 1955-  |4 ive  |4 aut  |9 195006 
245 1 0 |a Slovenské školstvo vyrástlo aj vďaka projektu Infovek  |c Beáta Brestenská 
300 |b Fotogr. 
610 2 7 |a Infovek (projekt)  |x ciele  |2 snkbucl  |9 1328359 
650 0 7 |a informačné technológie  |x školstvo  |z Slovensko  |2 snkbucl  |9 1328360 
650 0 7 |a školstvo  |2 snkbucl  |9 19712 
651 7 |a Slovensko  |2 snkbucl  |9 14231 
773 0 |t Parlamentný kuriér  |g Roč. XIII, č. CXXVI-CXXVII (2005), s. 36-37  |x 1335-4051 
852 |a SNK  |b KIS3GCP 
958 |a SK 
999 |c 2686449  |d 2688379